| 000 | 00930nam a22002291i 4500 | ||
|---|---|---|---|
| 001 | 179656 | ||
| 003 | ES-MaACL | ||
| 005 | 20250730024620.0 | ||
| 008 | 111229s1927 sp |||| | spa d | ||
| 100 | 0 |
_aSoroa y Pineda, José María de. _9107414 |
|
| 245 | 1 | 3 |
_aEl problema de las inmundicias en policía urbana _b: medios prácticos y sencillos para resolverlo / por José María de Soroa y Pineda. |
| 260 |
_aMadrid : _bSociedad Española de Higiene, _c1927. |
||
| 300 |
_a48 p : _bil.. ; _c22 cm. |
||
| 490 | 1 |
_aLegado Roel: Colección de Memorias Premiadas ; _v37 |
|
| 500 | _aConcurso de 1927-1928. | ||
| 650 | 0 | 4 |
_aGestión de residuos. _913116 |
| 650 | 4 |
_aLimpieza urbana. _9148913 |
|
| 710 | 2 |
_aSociedad Española de Higiene. _96725 |
|
| 830 | 0 | 0 |
_aLegado Roel: Colección de memorias premiadas _v37 _9183286 |
| 852 |
_aES-MaACL _jC-8172(10) _z.- Encuadernado con otras obras |
||
| 999 |
_c179656 _d179656 |
||